| 000 | 00450nam a22001457a 4500 | ||
|---|---|---|---|
| 003 | MACL | ||
| 005 | 20190601152715.0 | ||
| 008 | 190601b xxu||||| |||| 00| 0 eng d | ||
| 040 | _cMACL | ||
| 100 |
_aआचार्य चतुसेन _975156 |
||
| 245 | _aबोधिवृक्ष की छाया में | ||
| 260 |
_aदिल्ली _bप्रभात _c1981 |
||
| 650 |
_aउपन्यास _975157 |
||
| 942 |
_2ddc _cHIN |
||
| 999 |
_c59986 _d59986 |
||